Normal view MARC view

Entry Topical Term

Number of records used in: 3

001 - CONTROL NUMBER

  • control field: 14826

003 - CONTROL NUMBER IDENTIFIER

  • control field: dpl

005 - DATE AND TIME OF LATEST TRANSACTION

  • control field: 20100818144757.0

008 - FIXED-LENGTH DATA ELEMENTS

  • fixed length control field: 100818|||a|||||| | ||| d

040 ## - CATALOGING SOURCE

  • Original cataloging agency: dpl
  • Transcribing agency: dpl

150 ## - HEADING--TOPICAL TERM

  • Topical term or geographic name as entry element: Poetry

670 ## - SOURCE DATA FOUND

  • Source citation: Work cat.: (dpl): Bhattacharyya, Arunodoy 14825, The sonnat and the majour english romentic poets /, 2008

670 ## - SOURCE DATA FOUND

  • Source citation: Work cat.: (dpl): Bhattacharyya, Arunodoy 14825, The sonnat and the majour english romentic poets /, 2008

© Delhi Public Library
Hit Counter
free hit counter